| 000 | 00400nam a2200133Ia 4500 | ||
|---|---|---|---|
| 008 | 231129s1995||||xx |||||||||||||| ||spa|| | ||
| 020 | _a84-88617-05-4 | ||
| 082 | _aOEM- 1756 | ||
| 100 | _aMolina Caballero José María | ||
| 245 | 0 | _aEl color de la bruma | |
| 260 | _c1995 | ||
| 264 | _aGranada España: Imprenta García de Rute 1995 | ||
| 942 |
_2ddc _cBKS |
||
| 999 |
_c10603 _d10603 |
||